[Event "18th Charleroi Open-A 2019"]
[Site "Charleroi"]
[Date "2019.07.31"]
[Round "6.27"]
[White "Partoens, Remi"]
[Black "Miulescu, Gabriel"]
[Result "1-0"]
[WhiteElo "1957"]
[BlackElo "2020"]
[Annotator "NA"]
[PlyCount "83"]
[EventDate "2019.07.22"]
[EventType "swiss"]
[EventCountry "BEL"]
[SourceTitle "playchess.com"]
[Source "ChessBase"]
[SourceQuality "1"]
[TimeControl "40/5400+30:1800+30"]

1. e4 {[%emt 0:01:50]} c5 {[%emt 0:04:50]} 2. c3 {[%emt 0:00:08]} Nf6 {[%emt 0:00:24]} 3. e5 {[%emt 0:00:05]} Nd5 {[%emt 0:00:05]} 4. d4 {[%emt 0:00:04]} cxd4 {[%emt 0:00:09]} 5. cxd4 {[%emt 0:00:05]} e6 {[%emt 0:00:57]} 6. Nf3 {[%emt 0:00:18]} d6 {[%emt 0:00:47]} 7. a3 {[%emt 0:01:46]} Be7 {[%emt 0:02:20]} 8. Bd3 {[%emt 0:00:38]} Nc6 {[%emt 0:00:55]} 9. O-O {[%emt 0:00:30]} a6 {[%emt 0:04:03]} 10. b4 {[%emt 0:09:02]} Bd7 {[%emt 0:13:54]} 11. Nbd2 {[%emt 0:09:31]} dxe5 {[%emt 0:13:01]} 12. dxe5 {[%emt 0:00:59]} f5 {[%emt 0:10:29]} 13. Bb2 {[%emt 0:09:17]} O-O {[%emt 0:03:12]} 14. Nb3 {[%emt 0:03:16]} Be8 {[%emt 0:04:44]} 15. Nbd4 {[%emt 0:01:54]} Nxd4 {[%emt 0:08:52]} 16. Nxd4 {[%emt 0:02:59]} Qd7 {[%emt 0:02:52]} 17. Bc4 {[%emt 0:04:06]} Bf7 {[%emt 0:01:49]} 18. Qf3 {[%emt 0:00:59]} Rad8 {[%emt 0:07:23]} 19. Rad1 {[%emt 0:03:36]} b5 {[%emt 0:04:40]} 20. Bb3 {[%emt 0:00:05]} Qb7 {[%emt 0:00:17]} 21. Rfe1 {[%emt 0:03:31]} Rd7 {[%emt 0:02:05]} 22. Nxf5 {[%emt 0:04:26]} Bg6 {[%emt 0:04:33]} 23. Nxe7+ {[%emt 0:00:42]} Rxe7 {[%emt 0:00:08]} 24. Bxd5 {[%emt 0:00:12]} exd5 {[%emt 0:01:50]} 25. Qxd5+ {[%emt 0:00:11]} Qxd5 {[%emt 0:01:34]} 26. Rxd5 {[%emt 0:00:12]} Re6 {[%emt 0:00:45]} 27. Bd4 {[%emt 0:06:05]} Rc8 {[%emt 0:00:47]} 28. Bc5 {[%emt 0:00:06]} Bf7 {[%emt 0:00:30]} 29. Rd6 {[%emt 0:03:33]} a5 {[%emt 0:00:34]} 30. f4 {[%emt 0:00:17]} g6 {[%emt 0:00:58]} 31. g4 {[%emt 0:00:42]} axb4 {[%emt 0:01:12]} 32. axb4 {[%emt 0:00:07]} Rce8 {[%emt 0:00:59]} 33. Kf2 {[%emt 0:01:33]} Ra8 {[%emt 0:02:56]} 34. f5 {[%emt 0:00:51]} Ra2+ {[%emt 0:00:12]} 35. Kg3 {[%emt 0:00:27]} gxf5 {[%emt 0:01:20]} 36. gxf5 {[%emt 0:00:12]} Rxd6 {[%emt 0:00:13]} 37. Bxd6 {[%emt 0:00:14]} Bd5 {[%emt 0:00:34]} 38. e6 {[%emt 0:00:39]} Rg2+ {[%emt 0:00:41]} 39. Kh3 {[%emt 0:00:27]} Rd2 {[%emt 0:01:13]} 40. Bc5 {[%emt 0:00:18]} Bc6 {[%emt 0:00:32]} 41. f6 {[%emt 0:31:36]} Rd3+ {[%emt 0:30:29]} 42. Kh4 {[%emt 0:00:33]} 1-0

[Event "18th Charleroi Open-A 2019"]
[Site "Charleroi"]
[Date "2019.07.31"]
[Round "6.28"]
[White "Dierckens, Sarah"]
[Black "Lui, Eric"]
[Result "0-1"]
[WhiteElo "1770"]
[BlackElo "1884"]
[Annotator "NA"]
[PlyCount "88"]
[EventDate "2019.07.22"]
[EventType "swiss"]
[EventCountry "BEL"]
[SourceTitle "playchess.com"]
[Source "ChessBase"]
[SourceQuality "1"]
[TimeControl "40/5400+30:1800+30"]

1. e4 {[%emt 0:10:45]} c5 {[%emt 0:00:00]} 2. Nf3 {[%emt 0:00:12]} d6 {[%emt 0:00:29]} 3. d4 {[%emt 0:00:12]} cxd4 {[%emt 0:00:24]} 4. Nxd4 {[%emt 0:00:06]} Nf6 {[%emt 0:00:21]} 5. Nc3 {[%emt 0:00:06]} a6 {[%emt 0:00:32]} 6. Bg5 {[%emt 0:00:15]} e6 {[%emt 0:00:28]} 7. f4 {[%emt 0:01:18]} h6 {[%emt 0:00:34]} 8. Bh4 {[%emt 0:01:05]} Be7 {[%emt 0:00:31]} 9. Qf3 {[%emt 0:01:31]} Qc7 {[%emt 0:01:23]} 10. O-O-O {[%emt 0:02:03]} Nbd7 {[%emt 0:02:18]} 11. g4 {[%emt 0:07:41]} g5 {[%emt 0:01:35]} 12. fxg5 {[%emt 0:03:12]} Ne5 {[%emt 0:00:44]} 13. Qe2 {[%emt 0:03:45]} Nfxg4 {[%emt 0:01:39]} 14. h3 {[%emt 0:04:47]} hxg5 {[%emt 0:00:24]} 15. Bg3 {[%emt 0:01:37]} Bd7 {[%emt 0:20:18]} 16. Bg2 {[%emt 0:01:25]} Nf6 {[%emt 0:00:31]} 17. Rhf1 {[%emt 0:03:42]} Rc8 {[%emt 0:08:31]} 18. Nf3 {[%emt 0:05:31]} Nh5 {[%emt 0:07:34]} 19. Nxe5 {[%emt 0:14:01]} dxe5 {[%emt 0:02:47]} 20. Rxd7 {[%emt 0:10:52]} Qxd7 {[%emt 0:06:29]} 21. Bxe5 {[%emt 0:00:07]} f6 {[%emt 0:00:24]} 22. Rd1 {[%emt 0:00:59]} Qc6 {[%emt 0:06:04]} 23. Bd6 {[%emt 0:03:46]} Bxd6 {[%emt 0:01:44]} 24. e5 {[%emt 0:00:07]} Qc4 {[%emt 0:02:38]} 25. exd6 {[%emt 0:01:37]} Kd8 {[%emt 0:02:30]} 26. Bxb7 {[%emt 0:02:25]} Qxe2 {[%emt 0:00:43]} 27. Nxe2 {[%emt 0:00:07]} Rb8 {[%emt 0:00:37]} 28. Bxa6 {[%emt 0:01:07]} Ng7 {[%emt 0:02:45]} 29. Nd4 {[%emt 0:01:50]} Rb6 {[%emt 0:01:03]} 30. Bc4 {[%emt 0:01:12]} Rxh3 {[%emt 0:04:38]} 31. Nxe6+ {[%emt 0:00:29]} Nxe6 {[%emt 0:00:11]} 32. Bxe6 {[%emt 0:00:05]} Re3 {[%emt 0:01:13]} 33. Bg4 {[%emt 0:04:21]} Rb4 {[%emt 0:00:56]} 34. Bf5 {[%emt 0:00:54]} Rf4 {[%emt 0:01:16]} 35. Bd3 {[%emt 0:00:42]} Rd4 {[%emt 0:01:59]} 36. Bb5 {[%emt 0:07:53]} Rxd1+ {[%emt 0:00:19]} 37. Kxd1 {[%emt 0:00:05]} f5 {[%emt 0:00:28]} 38. a4 {[%emt 0:01:07]} g4 {[%emt 0:01:05]} 39. a5 {[%emt 0:02:36]} Re5 {[%emt 0:04:43]} 40. Bd3 {[%emt 0:00:58]} Rxa5 {[%emt 0:00:31]} 41. Ke2 {[%emt 0:30:18]} Re5+ {[%emt 0:34:02]} 42. Kf2 {[%emt 0:00:38]} f4 {[%emt 0:00:00]} 43. b3 {[%emt 0:00:00]} Kd7 {[%emt 0:00:00]} 44. Be2 {[%emt 0:00:00]} g3+ {[%emt 0:14:39] Bd3} 0-1

[Event "18th Charleroi Open-A 2019"]
[Site "Charleroi"]
[Date "2019.07.31"]
[Round "6.29"]
[White "Zamparo, Sergio"]
[Black "Roos, David"]
[Result "0-1"]
[WhiteElo "2031"]
[BlackElo "2114"]
[Annotator "ChessBase"]
[PlyCount "144"]
[EventDate "2019.07.22"]
[EventType "swiss"]
[EventCountry "BEL"]
[SourceTitle "playchess.com"]
[Source "ChessBase"]
[SourceQuality "1"]
[TimeControl "40/5400+30:1800+30"]

1. e4 {[%emt 0:00:00]} e5 {[%emt 0:00:09]} 2. Nf3 {[%emt 0:00:00]} Nc6 {[%emt 0:00:04]} 3. c3 {[%emt 0:00:00]} d5 {[%emt 0:00:43]} 4. Qa4 {[%emt 0:00:00]} f6 {[%emt 0:00:05]} 5. Bb5 {[%emt 0:08:12]} Nge7 {[%emt 0:00:15]} 6. d3 {[%emt 0:00:19]} Be6 {[%emt 0:03:23]} 7. O-O {[%emt 0:05:35]} a6 {[%emt 0:02:22]} 8. Bxc6+ {[%emt 0:00:13]} Nxc6 {[%emt 0:00:02]} 9. Re1 {[%emt 0:12:04]} Qd7 {[%emt 0:03:56]} 10. Nbd2 {[%emt 0:04:22]} Be7 {[%emt 0:14:02]} 11. exd5 {[%emt 0:10:39]} Bxd5 {[%emt 0:12:44]} 12. d4 {[%emt 0:00:35]} exd4 {[%emt 0:05:15]} 13. Nxd4 {[%emt 0:01:04]} O-O-O {[%emt 0:04:03]} 14. N2f3 {[%emt 0:02:33]} Kb8 {[%emt 0:03:18]} 15. Qc2 {[%emt 0:06:53]} g6 {[%emt 0:08:21]} 16. Nxc6+ {[%emt 0:04:14]} Bxc6 {[%emt 0:02:53]} 17. Nd4 {[%emt 0:00:12]} Bd5 {[%emt 0:00:08]} 18. b4 {[%emt 0:00:25]} Bxb4 {[%emt 0:08:43]} 19. cxb4 {[%emt 0:07:12]} Qg4 {[%emt 0:00:28]} 20. f3 {[%emt 0:03:25]} Qxd4+ {[%emt 0:00:51]} 21. Be3 {[%emt 0:00:09]} Qxb4 {[%emt 0:02:09]} 22. Bc5 {[%emt 0:05:17]} Qa5 {[%emt 0:03:40]} 23. Be7 {[%emt 0:10:56]} Rd7 {[%emt 0:00:13]} 24. Qf2 {[%emt 0:07:09]} f5 {[%emt 0:02:32]} 25. Bf6 {[%emt 0:00:16]} Rf8 {[%emt 0:01:08]} 26. Be5 {[%emt 0:04:15]} Bc6 {[%emt 0:01:41]} 27. Bf4 {[%emt 0:03:11]} Qa4 {[%emt 0:02:08]} 28. Bh6 {[%emt 0:01:20]} Rc8 {[%emt 0:00:10]} 29. Rec1 {[%emt 0:01:01]} Rcd8 {[%emt 0:02:00]} 30. Re1 {[%emt 0:00:34]} Rd1 {[%emt 0:03:13]} 31. Qb2 {[%emt 0:01:44]} f4 {[%emt 0:14:51]} 32. Raxd1 {[%emt 0:01:05]} Rxd1 {[%emt 0:00:00]} 33. Rxd1 {[%emt 0:00:19]} Qxd1+ {[%emt 0:00:00]} 34. Kf2 {[%emt 0:00:06]} Qd6 {[%emt 0:00:00]} 35. Bg7 {[%emt 0:00:02]} Bb5 {[%emt 0:00:00]} 36. Qd4 {[%emt 0:00:16]} Qe7 {[%emt 0:00:00]} 37. Be5 {[%emt 0:00:12]} g5 {[%emt 0:00:00]} 38. Qd5 {[%emt 0:01:26]} Qa3 {[%emt 0:00:00]} 39. Qd8+ {[%emt 0:01:22]} Ka7 {[%emt 0:00:00]} 40. Qd2 {[%emt 0:00:40]} b6 {[%emt 0:01:00]} 41. Bd4 {[%emt 0:06:51]} Qa4 {[%emt 0:04:23]} 42. Ke1 {[%emt 0:05:44]} Bc4 {[%emt 0:07:08]} 43. Bf6 {[%emt 0:03:50]} h6 {[%emt 0:03:16]} 44. Bg7 {[%emt 0:01:17]} Qe8+ {[%emt 0:01:48]} 45. Kf2 {[%emt 0:03:35]} Qe6 {[%emt 0:00:05]} 46. a3 {[%emt 0:00:41]} Qe7 {[%emt 0:03:44]} 47. Bb2 {[%emt 0:00:10]} h5 {[%emt 0:00:06]} 48. h3 {[%emt 0:00:31]} Bb5 {[%emt 0:01:36]} 49. Qd4 {[%emt 0:02:22]} Kb7 {[%emt 0:03:31]} 50. Qe4+ {[%emt 0:01:40]} Qxe4 {[%emt 0:00:02]} 51. fxe4 {[%emt 0:00:07]} g4 {[%emt 0:00:35]} 52. hxg4 {[%emt 0:00:09]} hxg4 {[%emt 0:00:05]} 53. Bc1 {[%emt 0:03:22]} Bc6 {[%emt 0:01:12]} 54. Bxf4 {[%emt 0:00:06]} Bxe4 {[%emt 0:00:05]} 55. g3 {[%emt 0:00:05]} c5 {[%emt 0:01:34]} 56. Ke3 {[%emt 0:00:04]} Bf3 {[%emt 0:00:10]} 57. Kd3 {[%emt 0:00:25]} Kc6 {[%emt 0:00:06]} 58. Kc3 {[%emt 0:01:19]} b5 {[%emt 0:00:29]} 59. Bh6 {[%emt 0:00:56]} a5 {[%emt 0:00:57]} 60. Bf8 {[%emt 0:00:34]} b4+ {[%emt 0:01:08]} 61. Kb2 {[%emt 0:01:04]} Bd1 {[%emt 0:02:31]} 62. Be7 {[%emt 0:00:17]} Kb5 {[%emt 0:00:09]} 63. Kc1 {[%emt 0:02:07]} Bb3 {[%emt 0:00:09]} 64. Kb2 {[%emt 0:00:19]} c4 {[%emt 0:00:14]} 65. Bd8 {[%emt 0:00:18]} Ka4 {[%emt 0:00:27]} 66. Kc1 {[%emt 0:02:21]} c3 {[%emt 0:00:45]} 67. Bc7 {[%emt 0:01:04]} Kxa3 {[%emt 0:00:10]} 68. Bxa5 {[%emt 0:00:12]} Ba4 {[%emt 0:00:09]} 69. Kb1 {[%emt 0:00:14]} Kb3 {[%emt 0:00:10]} 70. Bd8 {[%emt 0:00:37]} Kc4 {[%emt 0:00:14]} 71. Bg5 {[%emt 0:01:00]} b3 {[%emt 0:00:05]} 72. Bf6 {[%emt 0:00:32]} Bc6 {[%emt 0:00:08]} 0-1

[Event "18th Charleroi Open-A 2019"]
[Site "Charleroi"]
[Date "2019.07.31"]
[Round "6.32"]
[White "Van Haelst, Raymond"]
[Black "Dugailliez, Guy"]
[Result "1/2-1/2"]
[WhiteElo "1947"]
[BlackElo "2063"]
[Annotator "NA"]
[PlyCount "99"]
[EventDate "2019.07.22"]
[EventType "swiss"]
[EventCountry "BEL"]
[SourceTitle "playchess.com"]
[Source "ChessBase"]
[SourceQuality "1"]
[TimeControl "40/5400+30:1800+30"]

1. Nf3 {[%emt 0:00:00]} Nf6 {[%emt 0:00:01]} 2. g3 {[%emt 0:00:00]} d6 {[%emt 0:00:43]} 3. Bg2 {[%emt 0:00:00]} c5 {[%emt 0:01:15]} 4. d4 {[%emt 0:02:04]} cxd4 {[%emt 0:01:40]} 5. Nxd4 {[%emt 0:00:21]} Qb6 {[%emt 0:00:29]} 6. O-O {[%emt 0:00:48]} Nc6 {[%emt 0:00:32]} 7. Nb3 {[%emt 0:02:12]} g6 {[%emt 0:00:40]} 8. Nc3 {[%emt 0:00:34]} Bg7 {[%emt 0:00:58]} 9. Bg5 {[%emt 0:09:27]} Be6 {[%emt 0:04:03]} 10. Qd2 {[%emt 0:02:54]} h6 {[%emt 0:03:36]} 11. Be3 {[%emt 0:00:13]} Qc7 {[%emt 0:00:14]} 12. h3 {[%emt 0:08:07]} Ne5 {[%emt 0:08:15]} 13. Nd4 {[%emt 0:01:53]} Bd7 {[%emt 0:04:42]} 14. Ncb5 {[%emt 0:09:51]} Qc8 {[%emt 0:08:11]} 15. b3 {[%emt 0:03:52]} a6 {[%emt 0:01:30]} 16. f4 {[%emt 0:03:54]} Nc6 {[%emt 0:03:43]} 17. Nxc6 {[%emt 0:05:27]} axb5 {[%emt 0:10:59]} 18. Nb4 {[%emt 0:01:35]} Bxh3 {[%emt 0:01:13]} 19. Bb6 {[%emt 0:19:37]} Bxg2 {[%emt 0:02:22]} 20. Kxg2 {[%emt 0:00:04]} Qe6 {[%emt 0:05:46]} 21. Rad1 {[%emt 0:06:00]} O-O {[%emt 0:03:33]} 22. Rf3 {[%emt 0:00:50]} Ne4 {[%emt 0:01:15]} 23. Qd3 {[%emt 0:02:28]} Nc5 {[%emt 0:04:01]} 24. Qxb5 {[%emt 0:01:16]} Rfc8 {[%emt 0:04:29]} 25. Nd5 {[%emt 0:01:10]} Qe4 {[%emt 0:07:27]} 26. Rd2 {[%emt 0:02:00]} Rxa2 {[%emt 0:02:51]} 27. b4 {[%emt 0:01:09]} Rb2 {[%emt 0:01:01]} 28. Kh2 {[%emt 0:01:36]} Rb1 {[%emt 0:00:57]} 29. Bxc5 {[%emt 0:01:03]} Kh7 {[%emt 0:06:14]} 30. Qxb7 {[%emt 0:01:41]} Qf5 {[%emt 0:00:27]} 31. Bg1 {[%emt 0:04:44]} Rxc2 {[%emt 0:02:51]} 32. Rxc2 {[%emt 0:03:45]} Qxc2 {[%emt 0:00:30]} 33. Qb6 {[%emt 0:01:15]} Qxe2+ {[%emt 0:01:12]} 34. Qf2 {[%emt 0:00:34]} Qe4 {[%emt 0:01:26]} 35. Nc3 {[%emt 0:01:04]} Bxc3 {[%emt 0:00:21]} 36. Rxc3 {[%emt 0:00:06]} Qxb4 {[%emt 0:00:28]} 37. Rc2 {[%emt 0:01:26]} Qb5 {[%emt 0:00:22]} 38. Qd4 {[%emt 0:00:42]} Qf5 {[%emt 0:01:52]} 39. Rd2 {[%emt 0:00:59]} Qg4 {[%emt 0:01:08]} 40. Qd3 {[%emt 0:00:23]} Re1 {[%emt 0:01:32]} 41. Kg2 {[%emt 0:32:37]} h5 {[%emt 0:30:28]} 42. Bf2 {[%emt 0:00:00]} Rc1 {[%emt 0:00:00]} 43. Qd5 {[%emt 0:00:00]} Kg7 {[%emt 0:00:00]} 44. Bd4+ {[%emt 0:00:00]} f6 {[%emt 0:00:00]} 45. Qe4 {[%emt 0:00:00]} Rc7 {[%emt 0:00:00]} 46. Bb6 {[%emt 0:00:00]} Rd7 {[%emt 0:00:00]} 47. Rd3 {[%emt 0:00:00]} h4 {[%emt 0:00:00]} 48. Re3 {[%emt 0:00:00]} g5 {[%emt 0:00:00]} 49. fxg5 {[%emt 0:00:00]} Qxe4+ {[%emt 0:00:00]} 50. Rxe4 {[%emt 0:00:00]} 1/2-1/2

[Event "18th Charleroi Open-A 2019"]
[Site "Charleroi"]
[Date "2019.08.01"]
[Round "7.1"]
[White "Gutenev, Alexander"]
[Black "Lugovskoy, Maxim"]
[Result "1/2-1/2"]
[WhiteElo "2470"]
[BlackElo "2425"]
[Annotator "ChessBase"]
[PlyCount "30"]
[EventDate "2019.07.22"]
[EventType "swiss"]
[EventCountry "BEL"]
[SourceTitle "playchess.com"]
[Source "ChessBase"]
[SourceQuality "1"]
[TimeControl "40/5400+30:1800+30"]

1. d4 {[%emt 0:00:05]} Nf6 {[%emt 0:00:00]} 2. c4 {[%emt 0:00:21]} e6 {[%emt 0:00:00]} 3. Nf3 {[%emt 0:00:26]} d5 {[%emt 0:00:15]} 4. g3 {[%emt 0:00:33]} Be7 {[%emt 0:00:25]} 5. Bg2 {[%emt 0:01:00]} O-O {[%emt 0:01:17]} 6. O-O {[%emt 0:00:27]} dxc4 {[%emt 0:00:07]} 7. Qc2 {[%emt 0:00:59]} a6 {[%emt 0:00:44]} 8. Qxc4 {[%emt 0:00:34]} b5 {[%emt 0:00:05]} 9. Qc2 {[%emt 0:00:10]} Bb7 {[%emt 0:00:03]} 10. Bd2 {[%emt 0:00:52]} Be4 {[%emt 0:00:05]} 11. Qc1 {[%emt 0:00:16]} Bb7 {[%emt 0:00:03]} 12. Qc2 {[%emt 0:00:28]} Be4 {[%emt 0:00:03]} 13. Qc1 {[%emt 0:00:17]} Bb7 {[%emt 0:00:03]} 14. Qc2 {[%emt 0:00:31]} Be4 {[%emt 0:00:04]} 15. Qc1 {[%emt 0:00:21]} Bb7 {[%emt 0:00:05]} 1/2-1/2

[Event "18th Charleroi Open-A 2019"]
[Site "Charleroi"]
[Date "2019.08.01"]
[Round "7.2"]
[White "Gurevich, Mikhail"]
[Black "Mirzoev, Azer"]
[Result "1/2-1/2"]
[WhiteElo "2587"]
[BlackElo "2474"]
[Annotator "ChessBase"]
[PlyCount "116"]
[EventDate "2019.07.22"]
[EventType "swiss"]
[EventCountry "BEL"]
[SourceTitle "playchess.com"]
[Source "ChessBase"]
[SourceQuality "1"]
[TimeControl "40/5400+30:1800+30"]

1. c4 {[%emt 0:00:00]} c5 {[%emt 0:00:00]} 2. Nc3 {[%emt 0:00:00]} Nc6 {[%emt 0:00:00]} 3. g3 {[%emt 0:00:00]} g6 {[%emt 0:00:00]} 4. Bg2 {[%emt 0:00:00]} Bg7 {[%emt 0:00:00]} 5. Rb1 {[%emt 0:00:00]} d6 {[%emt 0:11:46]} 6. a3 {[%emt 0:04:27]} a5 {[%emt 0:00:04]} 7. d3 {[%emt 0:08:23]} Nh6 {[%emt 0:00:42]} 8. e4 {[%emt 0:00:51]} O-O {[%emt 0:01:44]} 9. Nge2 {[%emt 0:00:02]} f5 {[%emt 0:02:06]} 10. O-O {[%emt 0:01:03]} Nf7 {[%emt 0:00:32]} 11. f4 {[%emt 0:03:29]} e5 {[%emt 0:04:00]} 12. Nd5 {[%emt 0:05:37]} exf4 {[%emt 0:05:22]} 13. gxf4 {[%emt 0:00:06]} Ne7 {[%emt 0:02:48]} 14. Ne3 {[%emt 0:10:37]} Ra7 {[%emt 0:15:22]} 15. Bd2 {[%emt 0:01:38]} b6 {[%emt 0:00:49]} 16. Bc3 {[%emt 0:00:47]} Nh6 {[%emt 0:10:17]} 17. Bxg7 {[%emt 0:07:43]} Kxg7 {[%emt 0:00:07]} 18. Qd2 {[%emt 0:00:14]} Be6 {[%emt 0:02:20]} 19. Qc3+ {[%emt 0:04:20]} Kg8 {[%emt 0:00:06]} 20. Ng3 {[%emt 0:02:28]} fxe4 {[%emt 0:15:15]} 21. dxe4 {[%emt 0:14:19]} Nc6 {[%emt 0:00:22]} 22. Nc2 {[%emt 0:00:02]} Rc7 {[%emt 0:07:50]} 23. Rbd1 {[%emt 0:01:45]} Qe7 {[%emt 0:01:18]} 24. Rd2 {[%emt 0:04:01]} Qg7 {[%emt 0:02:19]} 25. Rxd6 {[%emt 0:14:24]} Qxc3 {[%emt 0:00:15]} 26. bxc3 {[%emt 0:00:05]} Bxc4 {[%emt 0:00:07]} 27. Rf2 {[%emt 0:00:11]} Ng4 {[%emt 0:01:42]} 28. Rf3 {[%emt 0:00:01]} Bb3 {[%emt 0:01:05]} 29. Ne3 {[%emt 0:02:29]} Nxe3 {[%emt 0:00:33]} 30. Rxe3 {[%emt 0:00:05]} Rxf4 {[%emt 0:01:17]} 31. e5 {[%emt 0:00:03]} Ne7 {[%emt 0:00:49]} 32. Rxb6 {[%emt 0:00:13]} Bd5 {[%emt 0:01:00]} 33. Ne4 {[%emt 0:00:16]} Kg7 {[%emt 0:03:11]} 34. Nf6 {[%emt 0:00:41]} Bf7 {[%emt 0:00:22]} 35. Re4 {[%emt 0:00:44]} Rf5 {[%emt 0:01:08]} 36. Re2 {[%emt 0:05:06]} Rg5 {[%emt 0:05:50]} 37. Kf2 {[%emt 0:07:30]} Ng8 {[%emt 0:00:13]} 38. Bf3 {[%emt 0:00:24]} Rf5 {[%emt 0:00:42]} 39. Nxg8 {[%emt 0:01:29]} Bxg8 {[%emt 0:00:04]} 40. Kg3 {[%emt 0:01:09]} Re7 {[%emt 0:00:07]} 41. e6 {[%emt 0:30:22]} h5 {[%emt 0:31:38]} 42. c4 {[%emt 0:02:24]} Kf6 {[%emt 0:00:00]} 43. Bd5 {[%emt 0:00:00]} Re5 {[%emt 0:00:00]} 44. Rxe5 {[%emt 0:00:00]} Kxe5 {[%emt 0:00:00]} 45. Rc6 {[%emt 0:00:00]} Bxe6 {[%emt 0:00:00]} 46. Rxc5 {[%emt 0:00:00]} h4+ {[%emt 0:00:00]} 47. Kf3 {[%emt 0:00:00]} Kd4 {[%emt 0:00:00]} 48. Rxa5 {[%emt 0:00:00]} Bf5 {[%emt 0:00:00]} 49. Ra8 {[%emt 0:00:00]} Re3+ {[%emt 0:00:00]} 50. Kf4 {[%emt 0:00:00]} Re2 {[%emt 0:02:19]} 51. a4 {[%emt 0:00:00]} Rxh2 {[%emt 0:00:11]} 52. a5 {[%emt 0:00:00]} Ra2 {[%emt 0:00:14]} 53. a6 {[%emt 0:00:00]} h3 {[%emt 0:00:38]} 54. a7 {[%emt 0:00:00]} Kc5 {[%emt 0:02:06]} 55. Ke5 {[%emt 0:00:00]} Re2+ {[%emt 0:00:07]} 56. Kf4 {[%emt 0:00:00]} Ra2 {[%emt 0:00:02]} 57. Ke5 {[%emt 0:00:00]} Re2+ {[%emt 0:00:07]} 58. Kf4 {[%emt 0:00:00]} Ra2 {[%emt 0:08:04] Ke4} 1/2-1/2

[Event "18th Charleroi Open-A 2019"]
[Site "Charleroi"]
[Date "2019.08.01"]
[Round "7.3"]
[White "Maerevoet, Sim"]
[Black "Miezis, Normunds"]
[Result "0-1"]
[WhiteElo "2321"]
[BlackElo "2495"]
[Annotator "ChessBase"]
[PlyCount "63"]
[EventDate "2019.07.22"]
[EventType "swiss"]
[EventCountry "BEL"]
[SourceTitle "playchess.com"]
[Source "ChessBase"]
[SourceQuality "1"]
[TimeControl "40/5400+30:1800+30"]

1. d4 {[%emt 0:00:00]} Nf6 {[%emt 0:00:00]} 2. c4 {[%emt 0:00:00]} e6 {[%emt 0:00:28]} 3. Nf3 {[%emt 0:00:18]} Bb4+ {[%emt 0:00:19]} 4. Nbd2 {[%emt 0:00:15]} O-O {[%emt 0:01:09]} 5. a3 {[%emt 0:00:11]} Be7 {[%emt 0:00:08]} 6. e4 {[%emt 0:00:37]} d6 {[%emt 0:00:26]} 7. Be2 {[%emt 1:32:09]} Nbd7 {[%emt 0:00:51]} 8. Qc2 {[%emt 0:00:00]} e5 {[%emt 0:02:51]} 9. O-O {[%emt 0:00:00]} Re8 {[%emt 0:08:40]} 10. b3 {[%emt 0:00:00]} Bf8 {[%emt 0:01:40]} 11. Bb2 {[%emt 0:00:00]} exd4 {[%emt 0:00:53]} 12. Nxd4 {[%emt 0:00:00]} Nc5 {[%emt 0:00:34]} 13. Rad1 {[%emt 0:00:00]} Bd7 {[%emt 0:07:25]} 14. f3 {[%emt 0:00:00]} g6 {[%emt 0:03:11]} 15. Nb1 {[%emt 0:00:00]} Bg7 {[%emt 0:07:11]} 16. Nc3 {[%emt 0:00:00]} a5 {[%emt 0:00:29]} 17. Rfe1 {[%emt 0:00:00]} c6 {[%emt 0:04:59]} 18. Bf1 {[%emt 0:00:00]} Nh5 {[%emt 0:09:02]} 19. Bc1 {[%emt 0:00:00]} f5 {[%emt 0:06:51]} 20. Be3 {[%emt 0:00:00]} fxe4 {[%emt 0:02:36]} 21. Nxe4 {[%emt 0:00:00]} Nxe4 {[%emt 0:01:04]} 22. fxe4 {[%emt 0:00:00]} Nf6 {[%emt 0:02:37]} 23. Bf4 {[%emt 0:00:00]} Bg4 {[%emt 0:02:38]} 24. Nf3 {[%emt 0:00:00]} d5 {[%emt 0:05:49]} 25. cxd5 {[%emt 0:00:00]} cxd5 {[%emt 0:01:14]} 26. e5 {[%emt 0:00:00]} Bxf3 {[%emt 0:08:10]} 27. gxf3 {[%emt 0:00:00]} Nh5 {[%emt 0:00:14]} 28. Rxd5 {[%emt 0:00:00]} Qd7 {[%emt 0:22:31]} 29. Rd6 Qxd6 {[%emt 0:00:00]} 30. Bc4+ Qd5 {[%emt 0:00:00]} 31. Bf1 {[%emt 0:00:00]} Nxf4 {[%emt 0:00:00]} 32. Bc4 {[%emt 0:00:00]} 0-1

[Event "18th Charleroi Open-A 2019"]
[Site "Charleroi"]
[Date "2019.08.01"]
[Round "7.4"]
[White "Klinova, Masha"]
[Black "Capone, Nicola"]
[Result "1/2-1/2"]
[WhiteElo "2269"]
[BlackElo "2297"]
[Annotator "TA"]
[PlyCount "98"]
[EventDate "2019.07.22"]
[EventType "swiss"]
[EventCountry "BEL"]
[SourceTitle "playchess.com"]
[Source "ChessBase"]
[SourceQuality "1"]

{[%evp 11,98,12,24,18,15,16,22,23,30,15,20,-12,26,23,10,13,21,9,13,0,12,7,33,0,98,99,95,106,99,94,93,83,93,84,83,69,72,0,0,0,0,0,14,14,0,0,0,0,0,0,-5,-10,0,0,0,0,0,-8,0,0,0,-12,-12,-12,-9,-12,0,0,9,-10,0,0,12,-10,0,0,0,-8,-10,-14,-12,-23,0,0,0,-27,0,0,0]} 1. e4 c5 2. Nf3 Nc6 3. Bb5 g6 4. Bxc6 dxc6 5. d3 Bg7 6. Nc3 Nf6 7. Be3 {B31: Sicilian: 2...Nc6 3 Bb5 g6} b6 8. h3 Nd7 (8... O-O 9. Qd2 e5 10. a3 Qe7 11. O-O Rd8 12. Bg5 Ba6 13. Qe3 Rd7 14. Rfd1 Re8 15. a4 Qf8 16. a5 b5 17. g4 h6 {1-0 (54) Caruana,F (2811)-Cornette,M (2611) chess.com INT 2018}) 9. Qd2 h6 10. Nh2 e5 11. O-O-O {[%cal Ba1d1,Bd1f1,Bf1f6][%mdl 32]} Nf8 12. f4 exf4 13. Bxf4 Ne6 14. Be3 Nd4 15. Rdf1 Be6 16. Ng4 g5 17. Qf2 Qe7 (17... f5 $1 $11 18. exf5 Nxf5) 18. Nf6+ $16 Bxf6 19. Qxf6 Qxf6 20. Rxf6 Kd7 $146 ({Predecessor:} 20... Ke7 21. Rf2 {½-½ (21) Lecha Gonzalez,J (2062)-Prat Llables,J (2182) Barcelona 2013}) 21. b3 Rag8 22. Kd2 Ke7 23. Rhf1 g4 24. h4 (24. R6f2 $16) 24... Nf3+ $1 $11 25. gxf3 Kxf6 26. fxg4+ Ke7 27. g5 hxg5 28. Bxg5+ Kd7 29. Nd1 a5 30. Ne3 a4 31. Rf2 axb3 32. axb3 Ra8 33. Nc4 Bxc4 34. dxc4 {[%mdl 4096] Endgame KRR-KRB} Rh7 35. Rf1 Ra2 36. Kd3 Rg7 37. Kc3 Ke8 38. e5 Kd7 39. Rf6 Kc7 40. Rf1 Kd7 41. Rf6 Kc7 42. Rf1 Kd7 43. Rf6 Ra1 44. Rd6+ Kc7 45. Bd8+ Kb7 46. Bg5 Kc7 47. Bd8+ Kb7 48. Bg5 {Threatening Rd7+.} Kc7 49. Bd8+ Kb7 {Accuracy: White = 57%, Black = 56%.} 1/2-1/2